Design Analysis and Algorithms (Record no. 7804)
[ view plain ]
| 000 -LEADER | |
|---|---|
| fixed length control field | 00331nam a2200133Ia 4500 |
| 008 - FIXED-LENGTH DATA ELEMENTS--GENERAL INFORMATION | |
| fixed length control field | 191201s2011 xx 000 0 und d |
| 082 ## - DEWEY DECIMAL CLASSIFICATION NUMBER | |
| Classification number | 005.1 |
| Item number | PAD |
| 100 ## - MAIN ENTRY--PERSONAL NAME | |
| Personal name | PANDEY, Hari Mohan |
| 245 #0 - TITLE STATEMENT | |
| Title | Design Analysis and Algorithms |
| 250 ## - EDITION STATEMENT | |
| Edition statement | Rep |
| 260 ## - PUBLICATION, DISTRIBUTION, ETC. (IMPRINT) | |
| Date of publication, distribution, etc | 2011 |
| Name of publisher, distributor, etc | Laxmi Publications |
| Place of publication, distribution, etc | NEW DELHI |
| 300 ## - PHYSICAL DESCRIPTION | |
| Extent | 560 |
| 942 ## - ADDED ENTRY ELEMENTS (KOHA) | |
| Source of classification or shelving scheme | Dewey Decimal Classification |
| Koha item type | Text Books |
| Withdrawn status | Lost status | Source of classification or shelving scheme | Damaged status | Not for loan | Collection code | Home library | Current library | Date acquired | Source of acquisition | Cost, normal purchase price | Bill Number | Total Checkouts | Full call number | Acc. no. / Barcode | Date last seen | Date last borrowed | Actual Cost, discounted price | Bill Date | Koha item type |
|---|---|---|---|---|---|---|---|---|---|---|---|---|---|---|---|---|---|---|---|
| Dewey Decimal Classification | BCA | PIET C-LIBRARY | PIET C-LIBRARY | 14/07/2012 | IBH, New Delhi | 340.00 | 5731 | 1 | 005.1 PAD | BC245 | 05/06/2023 | 30/05/2023 | 241.92 | 14/07/2012 | Text Books | ||||
| Dewey Decimal Classification | BCA | PIET C-LIBRARY | PIET C-LIBRARY | 14/07/2012 | IBH, New Delhi | 340.00 | 5731 | 1 | 005.1 PAD | BC246 | 29/03/2023 | 16/03/2023 | 241.92 | 14/07/2012 | Text Books | ||||
| Dewey Decimal Classification | BCA | PIET C-LIBRARY | PIET C-LIBRARY | 14/07/2012 | IBH, New Delhi | 340.00 | 5731 | 005.1 PAD | BC247 | 04/12/2019 | 241.92 | 14/07/2012 | Text Books |